MDQL
is popping MORE tags! Check the
thread
!
Quizzes
Events
Quiz Creation
Community
Videos
Private Events
Remove Ads
Sign In
Join for FREE
Feedback
Dark Mode
Quiz Categories
Sports
Geography
Music
Movies
Television
Just For Fun
Miscellaneous
History
Literature
Language
Science
Gaming
Entertainment
Religion
Holiday
For Kids
Quiz Lab
Recent
Popular Today
Quiz Kudos Today
Editor Picks
Curator Picks
Quizzes by...
Day
Popularity
Type
Ratings
Length
Year
Community
Subscriptions
Recent Discussions
Orange Saloon
Badges
Playlists
Quests
Create
Leaderboards
Showdown
Live 5
Trivia Bingo
Activity
Puzzle Library
Sporcle Events
Private Events
Virtual Trivia
Globe League
Become a Host
Pub Owners
SporcleCon
Opinionation
Our Games
Videos
Blog
Mobile Apps
Partnerships
Remove Ads and Go Orange
Feedback
Television
TV Characters
TV Show
Sitcom
Network
Friends
Reality Shows
Cast
South Park
Star Trek
The Simpsons
Doctor Who
Television
TV Characters
TV Show
Sitcom
Network
Friends
Reality Shows
Cast
South Park
Star Trek
The Simpsons
Doctor Who
Random Quiz
Search Sporcle
×
Quiz Lab
Quiz Lab
Television
Actor
Type in answers that appear in a list
Type in answers that appear in a list
Classic
Best Score? Go Orange.
Daytime Emmy Best Actor Stats
Can you name the Daytime Emmy Best Actor?
By
npdavis
10m
36 Questions
232 Plays
232 Plays
232 Plays
Comments
Comments
Give Quiz Kudos
Give Quiz Kudos
-
- Ratings
hide this ad
Replay
Link that replays current quiz
Next Quiz
Link to next quiz in quiz playlist
You Got
0%
They Got
Avg Score
65%
Avg Friend Score
Upgrade to see
Score Distribution
Jump to the score distribution portion of the page
Score
0/36
Timer
10:00
0
Plays Today
Year
Actor
% Correct
1982
Anthony Geary
93.5%
2008
Anthony Geary
93.5%
2006
Anthony Geary
93.5%
2004
Anthony Geary
93.5%
2000
Anthony Geary
93.5%
1999
Anthony Geary
93.5%
1986
David Canary
85.3%
1988
David Canary
85.3%
1989
David Canary
85.3%
1993
David Canary
85.3%
2001
David Canary
85.3%
1991
Peter Bergman
82.3%
1992
Peter Bergman
82.3%
2002
Peter Bergman
82.3%
1998
Eric Braeden
77.1%
2003
Maurice Benard
68.4%
2009
Christian LeBlanc
68%
2007
Christian LeBlanc
68%
Year
Actor
% Correct
2005
Christian LeBlanc
68%
1974
Macdonald Carey
65.4%
1975
Macdonald Carey
65.4%
1997
Justin Deas
62.3%
1995
Justin Deas
62.3%
1990
A Martinez
60.2%
1983
Robert S. Woods
53.7%
1984
Larry Bryggman
47.2%
1987
Larry Bryggman
47.2%
1996
Charles Keating
46.8%
1985
Darnell Williams
42.4%
1994
Michael Zaslow
42.4%
1980
Douglass Watson
41.6%
1981
Douglass Watson
41.6%
1976
Larry Haines
30.3%
1979
Al Freeman, Jr.
29.4%
1978
James Pritchett
21.6%
1977
Val Dufour
19%
Quiz Playlist
Details
Report
Send in Message
Add To Playlist
Classic:
Type in answers that appear in a list
Quiz Source
Last Updated: Feb 16, 2017
Quiz Scoreboard
CHALLENGE
Sign Up to Join the Scoreboard
Show All
Scores
Hide
Comments
May contain spoilers
Recently Published
Colored Red Africa Blitz
by spor1
Geography
30s
Find the 'City' Movie
by crazypaving
Movies
60s
5x2 Blitz: Bands
by SL_Kpop136
Music
30s
More to Explore
Quiz From the Vault
Featured Blog Post
14 Easter Pick-up Lines to Find Eggs With
hide this ad
You Might Also Like...
Tags
Actor Quiz
Daytime
Daytime Emmy
Emmy
Today's Top Quizzes in Television
Browse Television
hide this ad
Today's Top Quizzes in Actor
Browse Actor
Top Contributed Quizzes in Television
1
Survivor Journey Challenge
2
Survivor Logic Puzzle: Heroes vs. Villains
3
One Tree Hill Logic Puzzle
4
Phoebe Buffay Quotes
5
Game of Thrones: Tywin Lannister Start to Finish
6
Brooklyn Nine Nine Logic Puzzle (How-To-Play)
7
A Series of Unfortunate Events: Netflix Character Chain
8
All US Survivor Seasons in Order
9
Survivor: Criteria Castaways
10
A Series of Unfortunate Events: S3 Character Chain
Explore More
Trending Topics
Kpop
Disney
Anime
Crossword
NBA
Marvel
Harry Potter
Soccer
Country
Pokémon
WWE
NFL
Song
Puzzle
The Office
hide this ad
More By:
npdavis
Quiz
Plays
Rating
Category
Featured
Created
Emmy Comedy Noms (1980s)
29,222
4.39
Television
Jul 26, 2010
The Office Episodes (Seasons 1-5)
3,460
4.80
Television
Jan 26, 2013
Emmy Drama Series Nominees in the 21st century
1,827
4.36
Television
May 17, 2010
Emmy Comedy Series Nominees in the 21st century
1,725
4.31
Television
May 18, 2010
1990s Emmy Drama Series Nominees
674
5.00
Television
Jun 30, 2010
Go to Creator's Profile
Score Distribution
Quiz Creator Spotlight
npdavis
Follow
Send a Message
Quizzes Created
-
Created Quiz Play Count
-
More By This Creator
Popular Quizzes Today
1
Find the 'City' Movie
2
5x2 Blitz: Bands
3
Colored Red Africa Blitz
4
Find the US States - No Outlines Minefield
5
The Countries of the World
6
Find the US States
7
9x9 Crossword: Cartoon Network
8
US States
More Television Quizzes
Pilot Episode of 'The Office' Start to Finish
Quiz Lab
Trending Quizzes
Colored Red Europe Blitz I
Colored Red Africa Blitz II
Colored Red Europe Blitz III
Colored Red Europe Blitz II
Colored Red Africa Blitz III
Recently Updated
Champions League XIs: Real Madrid
pecheneg
Largest US Cities 1790-2010
pecheneg
Rides in Walt Disney World
pecheneg
Most Oscar Losses (Acting)
pecheneg
Beyoncé Albums
pecheneg
Leaping Animals
pecheneg
Reality TV Shows (A-Z)
bhenderson79
Rickey Henderson's Hall of Fame Teammates
pecheneg
Champions League XIs: Arsenal
pecheneg
Quick Pick: Celebrities in WWE's Hall of Fame
aduchscher
Trending Topics
Crossword
Harry Potter
Kpop
Anime
Marvel
Disney
NBA
Pokémon
Puzzle
The Office
Country
Soccer
NFL
Song
WWE
Your Account Isn't Verified!
In order to create a playlist on Sporcle, you need to verify the email address you used during registration. Go to your
Sporcle Settings
to finish the process.
Report this User
Report this user for behavior that violates our
Community Guidelines
.
Details:
Send Report
Go to the Sporcle.com Mobile Site →
Comments